000 00845nam a2200253Ia 4500
003 OSt
005 20221005104429.0
006 a|||||r|||| 00| 0
007 ta
008 221004b |||||||| |||| 00| 0 hin d
024 _a32671
037 _cTextual
040 _aCRL
_cCRL
_bhin
041 _2hin
_ahin
082 _aO15,6x, 152L6
100 _aउपाध्याय, रामजी
245 0 _aसंस्कृत-निबन्ध-कलिका
246 _aSanskṛuta-nibandha-kalikā
260 _aदिल्ली
_bभारतीय विद्या भवन भारत
_c1976
300 _a103पृ.
_ccm.
650 _aसंस्कृत साहित्य
942 _hO15,6x, 152L6
_cTEXL
_2cc
999 _c1012701
_d1012701